Ministři, kulisáci a podkomouši /

Hlavní autor: Chalupa, Kristián, 1950-
Jazyk: Čeština
Vydáno: Brno : Šimon Ryšavý, 2012
Témata:
Externí odkaz: Digitalizovaný dokument
Fyzický popis: 171 s. ; 21 cm
Knihy
Uloženo v:
LEADER 01218cam a2200325 a 4500
001 nkc20132473358
003 CZ PrNK
005 20140703125137.0
007 ta
008 130614s2012 xr g 000 j cze d
015 |a cnb002473358 
020 |a 978-80-7354-108-8  |q (brož.)  |z 978-80-7354-108-4 
035 |a (OCoLC)876340176 
040 |a KLG001  |b cze  |d ABA001 
072 7 |a 821.162.3-3  |x Česká próza  |2 Konspekt  |9 25 
080 |a 821.162.3-32  |2 MRF 
080 |a (0:82-32)  |2 MRF 
100 1 |a Chalupa, Kristián,  |d 1950-  |7 xx0003735  |4 aut 
245 1 0 |a Ministři, kulisáci a podkomouši /  |c Kristián Chalupa 
260 |a Brno :  |b Šimon Ryšavý,  |c 2012 
300 |a 171 s. ;  |c 21 cm 
655 7 |a české příběhy  |7 fd133973  |2 czenas 
655 9 |a Czech stories  |2 eczenas 
856 4 1 |u http://www.digitalniknihovna.cz/mzk/uuid/uuid:b9c8d6c0-e064-11ea-804d-005056827e51  |y Digitalizovaný dokument  |x NDK 
910 2 |a BOA001  |b 2-1323.349 
990 |a BK 
995 |a 01 
991 |b 201403  |c NOV  |e b 
996 6 |b 2610585374  |c 2-1323.349  |l MZK  |r Sklad / do 1 hodiny  |n 0  |p p.v.  |w 001409284  |u 000010  |a 1  |e BOA001  |j MZK50  |s P 
996 7 |b 2610596716  |c 2-1323.349  |l MZK  |r Sklad / do 1 hodiny  |n 2  |p p.v.  |w 001409284  |u 000020  |a 1  |e BOA001  |j MZK50  |s A